WOR$T GIRL IN AMERICA Tracklist (Slayyyter) - Statistics

General Stats
  • This quiz has been taken 30 times
  • The average score is 12 of 14
Answer Stats
# Title % Correct
14 BRITTANY MURPHY.
95%
5 CRANK
95%
1 DANCE...
95%
11 $T. LOSER
89%
2 BEAT UP CHANEL$
84%
3 CANNIBALISM!
84%
6 GAS STATION
84%
4 OLD TECHNOLOGY
84%
13 *PRAYER*
84%
12 WHAT IS IT LIKE, TO BE LIKED?
84%
7 YES GODDD
84%
10 I'M ACTUALLY KINDA FAMOUS
79%
9 OLD FLING$
79%
8 UNKNOWN LOVERZ
79%
No matching quizzes found
Score Distribution
Percent of People with Each Score
Percentile by Number Answered
Your Score History
You have not taken this quiz